header

Preventing and reducing aggression and violence in health and social care (Record no. 126726)

MARC details
000 -LEADER
fixed length control field 01320nam a2200325 a 4500
100 1# - MAIN ENTRY--AUTHOR NAME
Personal name Ford, Kelvin.
245 10 - TITLE STATEMENT
Title Preventing and reducing aggression and violence in health and social care
260 ## - PUBLICATION, DISTRIBUTION, ETC. (IMPRINT)
Place of publication Cumbria [England] :
Name of publisher M&K Update Ltd.,
Year of publication 2010.
300 ## - PHYSICAL DESCRIPTION
Number of Pages x, 224 p. :
Other physical details ill.
650 #0 - SUBJECT ADDED ENTRY--TOPICAL TERM
Topical Term Medical personnel
Topical Term Aggressiveness
Topical Term Violence
700 1# - ADDED ENTRY--PERSONAL NAME
Personal name Byrt, Richard.
Personal name Dooher, James.
856 40 - ELECTRONIC LOCATION AND ACCESS
Uniform Resource Identifier http://site.ebrary.com/lib/rucke/Doc?id=10459624

No items available.

© 2026 Rongo University
Contact us: librarian | system librarian | Rongo university